[Event "Turkey IS Bank Super League 2017"]
[Site "Darica-Kocaeli"]
[Date "2017.07.30"]
[Round "6"]
[White "Ozates, Tuna"]
[Black "Kamer, Kayra"]
[Result "1/2-1/2"]
[WhiteElo "2291"]
[BlackElo "2062"]
[Annotator "NA"]
[PlyCount "63"]
[EventType "team-tourn"]
[EventCountry "TUR"]
[SourceTitle "playchess.com"]
[Source "ChessBase"]
[SourceQuality "1"]
[TimeControl "40/5400+30:1800+30"]

1. e4 {[%emt 0:00:30]} c5 {[%emt 0:01:00]} 2. Nf3 {[%emt 0:00:30]} e6 {[%emt 0:00:30]} 3. b3 {[%emt 0:00:00]} b6 {[%emt 0:00:30]} 4. Bb2 {[%emt 0:00:00]} Bb7 {[%emt 0:00:30]} 5. Qe2 {[%emt 0:00:30]} Nf6 {[%emt 0:00:30] B40: Sicilian: 2...e6, Unusual lines} 6. e5 {[%emt 0:00:30]} Nd5 {[%emt 0:00:30]} (6... Ng4 7. Nc3 Nc6 8. h3 Nh6 9. Ne4 Nf5 10. g3 d5 11. exd6 Bxd6 12. Bg2 O-O 13. O-O {1-0 (32) Shaposhnikov,E (2557)-Vitiugov,N (2721) Sochi 2016}) 7. g3 {[%emt 0:00:30]} Be7 {[%emt 0:05:30]} 8. Bg2 {[%emt 0:00:30]} O-O {[%emt 0:00:30]} 9. Na3 $146 {[%emt 0:02:30]} ({Predecessor:} 9. O-O d6 10. d4 cxd4 11. exd6 Qxd6 12. Nxd4 Nc6 13. Nxc6 Bxc6 {1-0 (39) Blatny,P (2535)-Brustkern,J (2289) Germany 2000}) 9... Nc6 {[%emt 0:02:30]} 10. O-O {[%emt 0:00:30]} d6 {[%emt 0:02:30]} 11. exd6 {[%emt 0:01:30]} Qxd6 {[%emt 0:00:30]} 12. Nc4 {[%emt 0:00:30]} Qc7 {[%emt 0:00:30]} 13. Rad1 {[%emt 0:03:30]} Bf6 {[%emt 0:01:30]} 14. Bxf6 {[%emt 0:18:30]} Nxf6 {[%emt 0:00:30]} 15. d4 {[%emt 0:01:30]} cxd4 {[%emt 0:01:30]} 16. Nxd4 {[%emt 0:00:30]} Nxd4 {[%emt 0:00:30]} 17. Rxd4 {[%emt 0:00:30]} Bxg2 {[%emt 0:00:30]} 18. Kxg2 {[%emt 0:00:30]} Rad8 {[%emt 0:00:30]} 19. Rfd1 {[%emt 0:00:30]} Rxd4 {[%emt 0:00:30]} 20. Rxd4 {[%emt 0:00:30]} Rd8 {[%emt 0:03:30]} 21. Qe5 {[%emt 0:03:30]} Qc6+ {[%emt 0:01:30]} 22. f3 {[%emt 0:00:30]} Rxd4 {[%emt 0:00:30]} 23. Qxd4 {[%emt 0:00:00]} Qd5 {[%emt 0:27:00]} 24. Qf4 {[%emt 0:52:00]} (24. Qe5 $5 {[%cal Re5b8]} Qd8 25. Qd6 Qxd6 26. Nxd6 $11) 24... Nd7 {[%emt 0:01:30]} 25. Qc7 {[%emt 0:04:30]} g5 {[%emt 0:02:30]} 26. Qd6 {[%emt 0:13:30]} Nf6 {[%emt 0:01:30]} 27. a4 {[%emt 0:04:30]} Qf5 {[%emt 0:02:30]} 28. Ne3 {[%emt 0:01:30]} Qg6 {[%emt 0:01:30]} 29. Qd4 $11 {[%emt 0:05:30]} Nd5 {[%emt 0:02:30]} 30. Nxd5 {[%emt 0:00:30]} exd5 {[%emt 0:00:30]} 31. Qd2 {[%emt 0:04:36]} h6 {[%emt 0:00:30]} 32. Qe2 {[%emt 0:01:50]} 1/2-1/2

[Event "Turkey IS Bank Super League 2017"]
[Site "Darica-Kocaeli"]
[Date "2017.07.30"]
[Round "6"]
[White "Karatekin, Tamer"]
[Black "Maghsoodloo, Parham"]
[Result "0-1"]
[WhiteElo "2287"]
[BlackElo "2584"]
[Annotator "TA"]
[PlyCount "90"]
[EventType "team-tourn"]
[EventCountry "TUR"]
[SourceTitle "playchess.com"]
[Source "ChessBase"]
[SourceQuality "1"]

{[%evp 10,90,-16,-32,-8,-13,-7,-10,2,0,-2,-29,-20,-21,-21,-45,-15,-23,-11,-12,11,6,20,17,9,0,19,-8,0,-20,-20,-25,-35,-43,-39,-30,-25,-49,-50,-84,-77,-75,-59,-83,-71,-95,-36,-35,-56,-127,-125,-125,-139,-123,-106,-165,-165,-143,-128,-330,-317,-231,-157,-182,0,0,0,-114,-116,-194,-198,-159,-135,-121,-152,-427,-427,-12835,-8648,-12843,-12844,-12843,-12843]} 1. c4 e5 2. g3 Nf6 3. Bg2 Nc6 4. a3 d5 (4... a5 5. Nc3 Bc5 6. e3 O-O 7. Nge2 Re8 8. O-O d6 9. d3 Bd7 10. h3 Qc8 11. Kh2 h6 12. b3 Nh7 13. d4 exd4 14. exd4 Ba7 15. Nb5 Bb8 16. d5 Ne7 {½-½ (80) Papin,V (2480)-Stukopin,A (2580) Voronezh 2015}) 5. cxd5 Nxd5 6. d3 {LiveBook: 5 Games. A20: English Opening: 1...e5} Bc5 7. Nf3 Bb6 8. Nbd2 $146 {The position is equal.} ({Predecessor:} 8. O-O O-O 9. Nbd2 Be6 10. Nc4 f6 11. Qc2 Nde7 12. Bd2 {1-0 (42) Christensen,T (2370)-Nygren,K Manhem 1999}) 8... Be6 9. Nc4 f6 10. Nxb6 (10. O-O {is more complex.} Qd7 11. b4 O-O 12. Bb2 Rfd8 13. e3) 10... axb6 11. O-O Qd7 12. Re1 O-O 13. Bd2 Nde7 14. Bc3 Nf5 15. b4 Rfd8 16. Qc2 Nd6 17. Rec1 Qf7 18. Qb2 Ra4 19. Nd2 Rda8 20. Nb1 Na7 21. Qd2 Nab5 22. Bb2 c6 23. f4 Nd4 24. Nc3 Nb3 25. Qe3 Nf5 $36 {[%mdl 2048] White is under pressure.} 26. Qf2 R4a7 (26... Nxa1 $6 27. Nxa4 Rxa4 28. Rxa1 $14) 27. fxe5 Nxa1 (27... fxe5 $17 {And now ...Nfd4 would win.} 28. Qxb6 Nfd4) 28. Rxa1 $15 fxe5 29. Ne4 {[#]} (29. Qxb6 $15 Qe7 30. Rf1) 29... Nd4 $1 $17 30. Bxd4 exd4 31. Qxd4 Qd7 32. Qe5 (32. Qxb6 $17 Rxa3 33. Rxa3 Rxa3 34. Ng5) 32... h6 $19 33. Rf1 Re8 34. Nf6+ $2 (34. b5 $17) 34... gxf6 35. Rxf6 Bf7 ({Not} 35... Rxa3 $2 36. Rg6+ Kf8 37. Qf4+ Qf7 38. Rf6 $18) 36. Qf4 c5 $2 ({Worse is} 36... Rxa3 37. Rxh6 Ra1+ 38. Kf2 $14) ({Black should try} 36... Rxe2 $19 37. Rxh6 Be8) 37. Be4 $11 {Rd6 is the strong threat.} Rxa3 {[#] Threatens to win with ...Qh3.} 38. Bh7+ $1 {[%mdl 512]} Kf8 $17 (38... Kxh7 39. Rxh6+) 39. Qxh6+ (39. Bg6 $17 {is a better defense.} Qd4+ 40. Qxd4 cxd4 41. Rxf7+ Kg8 42. Rf2) 39... Ke7 $19 40. Rf4 {aiming for Qf6+.} Kd8 ({Much less strong is} 40... Ra1+ 41. Kf2 $17) 41. Qxb6+ Kc8 42. Be4 $2 (42. Qxc5+ $17 Kb8 43. Be4) 42... Qd4+ {Black is clearly winning.} 43. e3 (43. Kg2 $142 Bd5 44. Qb5 Bxe4+ 45. dxe4) 43... Qxe3+ 44. Kg2 Ra2+ 45. Kh3 Be6+ {Precision: White = 46%, Black = 53%.} 0-1

[Event "Turkey IS Bank Super League 2017"]
[Site "Darica-Kocaeli"]
[Date "2017.07.30"]
[Round "6"]
[White "Buyukasik, Diyap"]
[Black "Sumer, Gun"]
[Result "1-0"]
[WhiteElo "2285"]
[BlackElo "1965"]
[Annotator "RC"]
[PlyCount "111"]
[EventType "team-tourn"]
[EventCountry "TUR"]
[SourceTitle "playchess.com"]
[Source "ChessBase"]
[SourceQuality "1"]
[TimeControl "40/5400+30:1800+30"]

1. Nf3 Nf6 2. g3 e6 3. Bg2 d5 4. O-O Be7 5. c4 O-O 6. d4 dxc4 7. Qc2 a6 8. a4 Bd7 9. Qxc4 Bc6 10. Bf4 Bd6 11. Bxd6 cxd6 12. Nc3 Nbd7 13. b4 Rc8 14. Qd3 Bxf3 15. Bxf3 d5 {[%emt 0:33:00]} 16. Rfc1 {[%emt 0:35:00]} Rc4 {[%emt 0:06:30]} 17. Na2 {[%emt 0:05:30]} Nb6 {[%emt 0:02:30]} 18. a5 {[%emt 0:05:30]} Rxc1+ {[%emt 0:00:00]} 19. Nxc1 {[%emt 0:00:30]} Nc4 {[%emt 0:00:00]} 20. Nb3 {[%emt 0:00:30]} b6 {[%emt 0:08:30]} 21. Nd2 {[%emt 0:04:30]} b5 {[%emt 0:04:30]} 22. Nb3 {[%emt 0:00:30]} Qd6 {[%emt 0:03:30]} 23. Nc5 {[%emt 0:01:30]} h5 {[%emt 0:01:30]} 24. Qc3 {[%emt 0:03:30]} g6 {[%emt 0:06:30]} 25. Rd1 {[%emt 0:02:30]} Rc8 {[%emt 0:06:30]} 26. Qc1 {[%emt 0:02:30]} Kg7 {[%emt 0:05:30]} 27. Qg5 {[%emt 0:01:30]} Nb2 {[%emt 0:04:30]} 28. Re1 {[%emt 0:07:30]} Nc4 {[%emt 0:00:30]} 29. h3 {[%emt 0:01:30]} Re8 {[%emt 0:02:41]} 30. Rd1 {[%emt 0:04:30]} Nb2 {[%emt 0:00:11]} 31. Rc1 {[%emt 0:04:30]} Nc4 {[%emt 0:00:02]} 32. Kg2 {[%emt 0:03:30]} e5 {[%emt 0:05:33]} 33. dxe5 {[%emt 0:04:19]} Rxe5 {[%emt 0:01:37]} 34. Qf4 {[%emt 0:00:06]} Ne4 {[%emt 0:05:49]} 35. Bxe4 {[%emt 0:06:34]} dxe4 {[%emt 0:03:24]} 36. Nxe4 {[%emt 0:04:45]} Qd5 {[%emt 0:00:01]} 37. f3 {[%emt 0:00:27]} Rf5 {[%emt 0:01:21]} 38. Qc7 {[%emt 0:01:00]} Qd4 {[%emt 0:00:34]} 39. g4 {[%emt 0:01:25]} hxg4 {[%emt 0:00:40]} 40. hxg4 {[%emt 0:00:00]} Rd5 {[%emt 0:02:07]} 41. Rh1 {[%emt 0:03:54]} Ne3+ {[%emt 0:11:30]} 42. Kg3 {[%emt 0:00:30]} Qe5+ {[%emt 0:01:30]} 43. Qxe5+ {[%emt 0:00:30]} Rxe5 {[%emt 0:00:30]} 44. Rc1 {[%emt 0:04:30]} Re6 {[%emt 0:01:30]} 45. Rc5 {[%emt 0:02:30]} Nc4 {[%emt 0:01:53]} 46. Rd5 {[%emt 0:01:30]} Ne3 {[%emt 0:01:51]} 47. Rc5 {[%emt 0:01:30]} Kf8 {[%emt 0:00:32]} 48. Rc8+ {[%emt 0:00:30]} Ke7 {[%emt 0:01:04]} 49. Nc5 {[%emt 0:00:30]} Rd6 {[%emt 0:00:02]} 50. Ra8 {[%emt 0:01:30]} Nc2 {[%emt 0:00:35]} 51. Nxa6 {[%emt 0:00:30]} g5 {[%emt 0:00:54]} 52. Nc7 {[%emt 0:01:30]} Nxb4 {[%emt 0:00:36]} 53. Nxb5 {[%emt 0:00:30]} Rd2 {[%emt 0:00:00]} 54. a6 {[%emt 0:00:30]} Rxe2 {[%emt 0:00:46]} 55. a7 {[%emt 0:00:30]} Ra2 {[%emt 0:00:12]} 56. Rc8 {[%emt 0:00:30]} 1-0

[Event "Turkey IS Bank Super League 2017"]
[Site "Darica-Kocaeli"]
[Date "2017.07.30"]
[Round "6"]
[White "Burcu, Cagatay"]
[Black "Tirak, Mert"]
[Result "1-0"]
[WhiteElo "2268"]
[BlackElo "1909"]
[Annotator "NA"]
[PlyCount "87"]
[EventType "team-tourn"]
[EventCountry "TUR"]
[SourceTitle "playchess.com"]
[Source "ChessBase"]
[SourceQuality "1"]
[TimeControl "40/5400+30:1800+30"]

1. d4 {[%emt 0:01:30]} Nf6 {[%emt 0:01:00]} 2. Nf3 {[%emt 0:00:00]} g6 {[%emt 0:00:30]} 3. c4 {[%emt 0:00:00]} Bg7 {[%emt 0:00:30]} 4. g3 {[%emt 0:00:30]} O-O {[%emt 0:00:00]} 5. Bg2 {[%emt 0:00:00]} d6 {[%emt 0:01:00]} 6. O-O {[%emt 0:00:00]} Nc6 {[%emt 0:01:30]} 7. Nc3 {[%emt 0:00:00]} e5 {[%emt 0:00:30]} 8. dxe5 {[%emt 0:02:00]} dxe5 {[%emt 0:00:30]} 9. Bg5 {[%emt 0:02:30]} Be6 {[%emt 0:00:00]} 10. Nd5 {[%emt 0:07:30]} Bxd5 {[%emt 0:06:00] E62: King's Indian: Fianchetto: 6...c6 and Panno Variation (6...Nc6) without ...a6} 11. Bxf6 {[%emt 0:00:30]} Bxf6 {[%emt 0:00:30] LiveBook: 6 Games} 12. cxd5 {[%emt 0:00:30]} Nd4 {[%emt 0:00:00]} (12... Ne7 13. e4 Qd7 14. Qb3 c6 15. dxc6 Nxc6 {½-½ (15) Berkes,F (2648)-Naiditsch,A (2689) Hungary 2016}) 13. Nd2 {[%emt 0:01:30]} Bg7 {[%emt 0:12:00]} 14. Rc1 $146 {[%emt 0:38:00]} ({Find the theoretical novelty and annotate with similar games:} 14. e3 Nb5 15. Rc1 Nd6 16. f4 f5 17. Qc2 e4 18. Rfd1 {1-0 (80) Cerveny,M (2395)-Havlik,J (2374) Prague 2016}) 14... Rc8 {[%emt 0:35:30]} 15. a4 {[%emt 0:00:30]} c5 {[%emt 0:05:30]} 16. e3 {[%emt 0:18:30]} Nf5 {[%emt 0:00:30]} 17. Bh3 {[%emt 0:00:00]} Rc7 {[%emt 0:01:30]} 18. Ne4 {[%emt 0:08:00]} b6 {[%emt 0:12:30]} (18... Nd6 $14 19. Nxc5 Re8) 19. d6 {[%emt 0:01:30]} Rd7 {[%emt 0:00:00]} 20. Qf3 {[%emt 0:00:30]} Re8 {[%emt 0:07:00]} 21. Bxf5 {[%emt 0:00:30]} gxf5 {[%emt 0:00:00]} 22. Qxf5 {[%emt 0:00:30]} Re6 {[%emt 0:00:00]} 23. Rfd1 {[%emt 0:02:30]} h6 {[%emt 0:11:30]} 24. Rd2 {[%emt 0:00:30]} Bf8 {[%emt 0:07:30]} 25. Rcd1 {[%emt 0:08:30]} Bg7 $18 {[%emt 0:08:00]} 26. h4 {[%emt 0:00:30]} Kf8 {[%emt 0:03:57]} 27. Kh2 {[%emt 0:02:30]} Kg8 {[%emt 0:00:33]} 28. Kh3 {[%emt 0:00:00]} Bf6 {[%emt 0:06:10]} 29. Rc1 {[%emt 0:03:42]} Bg7 {[%emt 0:00:57]} 30. g4 {[%emt 0:03:16]} Bf6 {[%emt 0:02:07]} 31. g5 {[%emt 0:02:35]} hxg5 {[%emt 0:00:36]} 32. Rg1 {[%emt 0:00:10]} Rdxd6 {[%emt 0:00:46]} 33. Nxd6 {[%emt 0:01:37]} Rxd6 {[%emt 0:00:04]} 34. Rxd6 {[%emt 0:00:51]} Qxd6 {[%emt 0:00:30]} 35. hxg5 {[%emt 0:00:00]} Bg7 {[%emt 0:00:06]} 36. g6 {[%emt 0:01:27]} fxg6 {[%emt 0:00:34]} 37. Rxg6 {[%emt 0:00:06]} Qe7 {[%emt 0:00:32]} 38. Rc6 {[%emt 0:00:21]} Bf8 {[%emt 0:01:47]} 39. Qg4+ {[%emt 0:01:22]} Kh8 {[%emt 0:00:38]} 40. Qh5+ {[%emt 0:00:00]} Kg8 {[%emt 0:00:43]} 41. Qg6+ {[%emt 0:03:33]} Kh8 {[%emt 0:00:30]} 42. Rf6 {[%emt 0:01:30]} Qd7+ {[%emt 0:01:30]} 43. Kg3 {[%emt 0:00:30]} e4 {[%emt 0:01:30]} 44. Rxf8# {[%emt 0:00:30]} 1-0

[Event "Turkey IS Bank Super League 2017"]
[Site "Darica-Kocaeli"]
[Date "2017.07.30"]
[Round "6"]
[White "Demircioglu, Emre"]
[Black "Sanal, Vahap"]
[Result "1/2-1/2"]
[WhiteElo "2265"]
[BlackElo "2533"]
[Annotator "TA"]
[PlyCount "78"]
[EventType "team-tourn"]
[EventCountry "TUR"]
[SourceTitle "playchess.com"]
[Source "ChessBase"]
[SourceQuality "1"]

{[%evp 16,78,39,8,31,12,23,7,70,62,83,48,162,54,54,39,56,35,55,20,29,14,17,14,16,13,7,12,25,9,18,5,12,4,17,0,0,-9,-5,-5,0,0,0,0,0,0,0,0,0,0,0,0,4,4,4,4,4,9,13,0,0,0,20,0,0]} 1. d4 Nf6 2. c4 e6 3. Nf3 b6 4. g3 Ba6 5. b3 Bb7 6. Bg2 Bb4+ 7. Bd2 c5 8. O-O O-O 9. Bc3 {LiveBook: 50 Games} d6 {E15: Queen's Indian: 4 g3 sidelines, 4 g3 Ba6 and 4 g3 Bb7 early deviations} (9... Na6 10. a3 Bxc3 11. Nxc3 cxd4 12. Nxd4 Bxg2 13. Kxg2 Nc5 14. Rc1 Qc7 15. b4 Nb7 16. Ncb5 Qb8 17. Qd3 {0-1 (60) Wang,H (2739)-Carlsen,M (2837) Biel 2012}) 10. Bb2 a6 $146 ({Predecessor:} 10... Nbd7 11. a3 Ba5 12. dxc5 dxc5 13. Qc1 Qe7 14. Nc3 Rfd8 15. Rd1 a6 16. Qf4 Rac8 17. h4 {0-1 (26) Petrekanovic,M (2134)-Carnic,S (2339) Belgrade 2013}) 11. Nc3 Ne4 (11... Nbd7 $11) 12. Nxe4 $14 Bxe4 13. e3 Nc6 (13... Qe7 $14) 14. Qe2 ({White should try} 14. d5 $18) 14... cxd4 15. Nxd4 Bxg2 16. Kxg2 Nxd4 17. Bxd4 Ba3 18. Bb2 (18. Rab1 {seems wilder.} Qd7 19. Bb2 Bxb2 20. Rxb2 b5 21. Rc2) 18... Bxb2 19. Qxb2 b5 20. Rac1 Qb6 21. Rfd1 Rfd8 22. Rd4 Rac8 {The position is equal.} (22... g6 {is more complex.} 23. h4 h5 24. cxb5 axb5 25. Qe2 Rac8) 23. Qd2 h6 24. Kg1 Rc6 25. Rd1 bxc4 26. Rxc4 Rxc4 27. bxc4 $11 {[%mdl 4096] Endgame KQR-KQR} Kf8 28. Qd3 Ke7 29. Rb1 Qc5 30. Rb7+ Rd7 31. Rb8 Rd8 32. Rb7+ Rd7 33. Rb8 g6 34. Qe4 Rc7 35. Qh4+ Qg5 $132 {[%mdl 2048] Hoping for ...Qxh4. Black has counterplay} 36. Qd4 {[#] Black must now prevent Qh8.} Qe5 37. Qh4+ Qg5 {Strongly threatening ...Qxh4.} 38. Qd4 {Qh8 is the strong threat.} Qe5 39. Qh4+ Qg5 {Precision: White = 50%, Black = 51%.} 1/2-1/2

[Event "Turkey IS Bank Super League 2017"]
[Site "Darica-Kocaeli"]
[Date "2017.07.30"]
[Round "6"]
[White "Samani, Yamac"]
[Black "Ererdem, Gani Eren"]
[Result "1-0"]
[WhiteElo "2263"]
[BlackElo "2090"]
[Annotator "NA"]
[PlyCount "43"]
[EventType "team-tourn"]
[EventCountry "TUR"]
[SourceTitle "playchess.com"]
[Source "ChessBase"]
[SourceQuality "1"]
[TimeControl "40/5400+30:1800+30"]

1. e4 {[%emt 0:00:30]} e5 {[%emt 0:01:00]} 2. Nf3 {[%emt 0:00:30]} Nc6 {[%emt 0:00:30]} 3. Bb5 {[%emt 0:00:00]} a6 {[%emt 0:00:30]} 4. Ba4 {[%emt 0:00:00]} Nf6 {[%emt 0:00:00]} 5. O-O {[%emt 0:00:30]} Be7 {[%emt 0:00:00]} 6. Re1 {[%emt 0:00:00]} b5 {[%emt 0:00:30]} 7. Bb3 {[%emt 0:00:00]} d6 {[%emt 0:00:00]} 8. a4 {[%emt 0:00:30]} Bg4 {[%emt 0:06:00]} 9. c3 {[%emt 0:01:30]} O-O {[%emt 0:02:30]} 10. h3 {[%emt 0:00:30]} Bh5 {[%emt 0:01:30]} 11. d3 {[%emt 0:00:30] C90: Closed Ruy Lopez with 7...d6: Early deviations} Nd7 {[%emt 0:15:30]} (11... Na5 12. Bc2 c5 13. Nbd2 b4 14. Qe2 Qc7 15. Nf1 bxc3 16. bxc3 c4 17. Bg5 cxd3 18. Bxd3 Nb3 {½-½ (39) Czarnota,P (2540)-Postny,E (2625) Achaea 2016}) 12. Bd5 {[%emt 0:02:30]} Na7 {[%emt 0:03:30]} 13. Bxa8 {[%emt 0:00:30]} Qxa8 {[%emt 0:00:30]} 14. axb5 $146 {[%emt 0:00:30]} ({Find the theoretical novelty and annotate with similar games:} 14. Nbd2 Nc5 15. axb5 Nxd3 16. Re3 Nxc1 17. g4 Bg6 18. bxa6 h5 19. Qxc1 hxg4 20. hxg4 {1-0 (37) Sousa,A (2251)-Viterbo Ferreira,J (2488) Mirandela 2015}) 14... Nxb5 {[%emt 0:02:30]} 15. Nbd2 {[%emt 0:02:30]} Nc5 {[%emt 0:04:30]} 16. g4 {[%emt 0:00:30]} Bg6 {[%emt 0:00:30]} 17. Nf1 {[%emt 0:05:30]} Rd8 {[%emt 0:48:00]} 18. c4 {[%emt 0:20:00]} Nd4 {[%emt 0:17:30]} 19. Nxd4 {[%emt 0:00:30]} exd4 {[%emt 0:00:00]} 20. b4 $18 {[%emt 0:00:30]} Nd7 {[%emt 0:00:00]} 21. f4 {[%emt 0:01:30]} f6 {[%emt 0:00:30]} 22. Qa4 {[%emt 0:04:30]} 1-0

[Event "Turkey IS Bank Super League 2017"]
[Site "Darica-Kocaeli"]
[Date "2017.07.30"]
[Round "6"]
[White "Apaydin, Fethi"]
[Black "Kiremitciyan, Ari"]
[Result "1-0"]
[WhiteElo "2258"]
[BlackElo "2240"]
[Annotator "NA"]
[PlyCount "49"]
[EventType "team-tourn"]
[EventCountry "TUR"]
[SourceTitle "playchess.com"]
[Source "ChessBase"]
[SourceQuality "1"]
[TimeControl "40/5400+30:1800+30"]

1. e4 e6 2. d4 d5 3. Nc3 Nf6 4. Bg5 Be7 5. e5 Nfd7 6. h4 O-O 7. Bd3 c5 8. dxc5 {[%emt 0:32:00]} Nxe5 {[%emt 0:33:30]} 9. Bxh7+ {[%emt 0:00:30]} Kxh7 {[%emt 0:00:30]} 10. Bxe7 {[%emt 0:00:30]} Qxe7 {[%emt 0:00:30]} 11. Qh5+ {[%emt 0:00:30]} Kg8 {[%emt 0:00:30]} 12. Qxe5 {[%emt 0:00:30]} Qxc5 {[%emt 0:02:30]} 13. Nf3 {[%emt 0:16:30]} Nc6 {[%emt 0:01:30]} 14. Qh5 $11 {[%emt 0:01:30]} e5 {[%emt 0:11:30]} 15. g4 {[%emt 0:18:30]} Nd4 {[%emt 0:23:30]} 16. Ng5 {[%emt 0:09:02]} Nxc2+ {[%emt 0:00:30]} 17. Ke2 {[%emt 0:11:34]} Bxg4+ {[%emt 0:08:25]} 18. Qxg4 {[%emt 0:00:30]} Nxa1 {[%emt 0:00:11]} 19. Rxa1 {[%emt 0:03:22]} Rad8 {[%emt 0:09:53]} 20. Qh5 {[%emt 0:01:44]} Qc4+ {[%emt 0:00:11]} 21. Ke1 {[%emt 0:00:00]} Qd3 {[%emt 0:01:21]} 22. Nce4 {[%emt 0:00:29]} Rfe8 {[%emt 0:02:34]} 23. Qxf7+ {[%emt 0:00:06]} Kh8 {[%emt 0:00:15]} 24. Qh5+ {[%emt 0:00:05]} Kg8 {[%emt 0:00:16]} 25. Qh7+ {[%emt 0:00:04]} 1-0

[Event "Turkey IS Bank Super League 2017"]
[Site "Darica-Kocaeli"]
[Date "2017.07.30"]
[Round "6"]
[White "Isgandarova, Khayala"]
[Black "Yildiz, Betul Cemre"]
[Result "1/2-1/2"]
[WhiteElo "2257"]
[BlackElo "2326"]
[Annotator "TA"]
[PlyCount "242"]
[EventType "team-tourn"]
[EventCountry "TUR"]
[SourceTitle "playchess.com"]
[Source "ChessBase"]
[SourceQuality "1"]

{[%evp 24,242,28,22,29,-22,21,27,25,29,46,38,51,56,90,75,93,75,80,16,15,-87,-86,-93,-45,-48,-50,-43,-39,-39,-33,-45,-18,-33,-45,-54,0,0,0,0,21,21,22,17,103,0,121,116,121,0,41,32,64,0,0,0,0,0,0,0,0,0,0,0,0,0,0,0,0,0,0,0,0,0,-8,-3,0,0,0,0,0,-9,0,-4,0,0,0,0,0,0,0,0,0,0,0,0,0,0,0,0,0,0,0,0,0,0,0,0,0,0,0,0,0,0,0,0,0,0,0,0,0,0,0,0,0,0,0,0,0,0,0,0,0,0,0,0,0,0,0,0,0,0,0,0,0,0,0,0,0,0,0,0,0,0,0,0,0,0,0,0,0,0,0,0,0,0,0,0,0,0,0,0,0,0,0,0,0,0,0,0,0,0,0,0,0,-12851,-29987,-29988,0,0,0,0,0,0,0,0,0,0,0,0,0,0,0,0,0,0,0,0,0,0,0,0,0,-26,-26,-26,-26,-26,0,0,0]} 1. e4 e5 2. Nf3 Nc6 3. Bb5 a6 4. Ba4 Nf6 5. O-O Be7 6. Re1 b5 7. Bb3 d6 8. c3 O-O 9. h3 Na5 10. Bc2 c5 11. d4 Nd7 12. Nbd2 exd4 13. cxd4 Nc6 {C96: Closed Ruy Lopez: Chigorin Defence: 11 d4, replies other than 11...Qc7} 14. e5 (14. d5 $142 $1 Nce5 15. Nxe5 Nxe5 16. Nf3) (14. d5 Nce5 15. a4 Rb8 16. Nxe5 Nxe5 17. axb5 axb5 18. f4 Ng6 19. Nf3 Bh4 20. Rf1 Bg3 21. f5 Ne5 22. Ng5 Bh4 23. f6 h6 24. Qh5 gxf6 25. Nh7 Kxh7 26. Qxh4 {1-0 (26) Inarkiev,E (2732)-Svidler,P (2745) Germany 2016}) 14... cxd4 {[%cal Rd6e5] [#]} 15. Bxh7+ $1 {[%mdl 512]} Kxh7 {White has an edge.} 16. Qc2+ Kg8 17. Qxc6 Nb6 18. exd6 (18. Nxd4 dxe5 19. N4f3 Bd7 $11) 18... Bxd6 19. Ne4 $146 ({Predecessor:} 19. Nxd4 Bb4 20. N4f3 Bf5 21. a3 {½-½ (54) Rodriguez Fernandez,C (1970)-Pinto Henriquez,R (2212) La Laguna 2010}) 19... Bb4 20. Rd1 d3 {And now ...Bd7 would win.} 21. Ne5 (21. Ng3 $16) 21... Bf5 $11 {White must now prevent ...Rc8.} 22. Bg5 ({Don't play} 22. Rxd3 Qe7 $17) (22. Nxd3 $11 Rc8 23. Nf6+ (23. Qb7 Rb8 $11) 23... gxf6 24. Qf3) 22... Qe8 23. Bf4 {Threatens to win with Ng3.} f6 24. Qxb6 fxe5 25. Bd2 Bxd2 26. Nxd2 Qg6 27. Qe3 e4 28. Re1 Rac8 29. Rac1 Rc2 (29... Qh6 $15) 30. Rxc2 dxc2 31. Rc1 Rd8 32. Rxc2 Rd3 33. Qf4 {White wants to play g4.} Rxh3 (33... Bxh3 $1 $11 {keeps the balance.} 34. Qxe4 Rd6 35. Qxg6 (35. Qa8+ Kh7 $11) 35... Rxg6) 34. Nf1 (34. Rc5 $16 Rh5 35. a3) 34... Rf3 (34... e3 $11 35. Re2 exf2+ 36. Rxf2 Be4) 35. Qb8+ $16 Kh7 36. Ng3 (36. Ne3 $16) 36... Rd3 37. Qf4 Be6 38. b3 ({White should play} 38. Rc6 $14) 38... e3 39. Re2 exf2+ 40. Kxf2 Bg4 {Strongly threatening ...Rd6.} 41. Re1 Qf6 42. Qxf6 gxf6 $11 {[%mdl 4096] Endgame KRB-KRN} 43. Ne4 Kg6 44. Nc5 Rd2+ 45. Kg3 Bf5 46. a4 bxa4 47. bxa4 a5 48. Re7 Rc2 49. Nb7 $1 Rc4 50. Nxa5 Rxa4 51. Nb7 Ra7 52. Kh4 Bc8 53. Rc7 Bxb7 {KRB-KR} 54. g4 f5 (54... Ra4 {feels hotter.} 55. Rxb7) 55. gxf5+ Kf6 56. Kg3 Ra3+ 57. Kf4 Ra4+ 58. Ke3 Bd5 59. Rd7 Ke5 60. f6 Ra3+ 61. Kd2 Rf3 62. f7 $1 Bxf7 63. Rd3 Rf2+ 64. Kc3 $1 Bg6 65. Rg3 Rc2+ 66. Kb3 Rc6 67. Rg5+ Kd4 68. Kb4 Bd3 69. Rg4+ Be4 70. Kb5 Rc7 71. Ka6 Re7 72. Kb5 Rb7+ 73. Ka4 Kd5 74. Ka3 Bc2 75. Rb4 Ra7+ 76. Kb2 Bd3 77. Kb3 Kc5 {Hoping for ...Bc2+!} 78. Rh4 Re7 79. Kc3 Be4 80. Rh5+ Bd5 81. Kd3 Ra7 82. Ke3 $1 Ra3+ 83. Kf4 Kd4 84. Rh2 Rf3+ 85. Kg4 Rf8 86. Rb2 Ke5 87. Rb5 Rg8+ 88. Kh5 Rg1 89. Ra5 Ke4 90. Kh6 Rg2 91. Rb5 Be6 92. Rg5 Rh2+ 93. Kg7 Bf5 (93... Kf4 $5 {[%cal Rf4g5]} 94. Kf6 Bg4 $15) 94. Rg1 $1 Ke5 95. Re1+ Be4 96. Ra1 Rh7+ 97. Kg8 Rb7 {...Bf5 is the strong threat.} 98. Re1 Kf5 99. Kf8 Bd5 100. Ke8 Be6 101. Kd8 Ra7 102. Ke8 $2 {[%mdl 8192] [#]} (102. Rb1 $11) 102... Kf6 {[%cal Ra7a8]} 103. Rf1+ Bf5 {[%cal Ra7a8]} 104. Kd8 $2 {[%mdl 8192]} (104. Rd1 $11) 104... Rd7+ 105. Ke8 Rc7 $2 (105... Rd2 {mates} 106. Rf4 Re2+ 107. Kd8 Rc2 108. Rxf5+ Kxf5 109. Kd7 Ke5 110. Ke7 Rc7+ 111. Kd8 Kd6 112. Ke8 Ke6 113. Kf8 Ra7 114. Kg8 Kf6 115. Kh8 Kg6 116. Kg8 Ra8#) 106. Rd1 Rc8+ 107. Rd8 Rc3 108. Rd1 Rc2 109. Rd6+ Be6 110. Rd1 Rc8+ 111. Rd8 Rc1 112. Rd2 Bf5 (112... Ba2 {with more complications.}) 113. Rd6+ Ke5 114. Rd2 Be6 115. Ke7 Rc7+ (115... Ba2 $5) 116. Ke8 Ra7 (116... Ba2 $5) 117. Rd1 Bd5 {( -> ...Kd6)} 118. Re1+ Kd6 {[%cal Ra7a8]} 119. Kf8 Rf7+ 120. Ke8 Rg7 {[%cal Rg7g8]} 121. Rf1 Ke5 {Precision: White = 73%, Black = 72%.} (121... Bh1 $5) 1/2-1/2